[Event "Ramadan Master Open"]
[Site "Abu Dhabi UAE"]
[Date "2010.08.14"]
[Round "3"]
[White "Korobov,A"]
[Black "Tissir,M"]
[Result "1-0"]
[WhiteElo "2657"]
[BlackElo "2466"]
[EventDate "2010.08.12"]

1. d4 Nf6 2. c4 g6 3. Nc3 Bg7 4. e4 d6 5. Nf3 O-O 6. Be2 e5 7. Be3 Nbd7 8.
O-O h6 9. h3 exd4 10. Bxd4 Re8 11. Qc2 Qe7 12. Rfe1 Ne5 13. Rad1 c6 14. Qd2
Bf8 15. Nh2 a6 16. f4 Ned7 17. Bf3 Nc5 18. Bxc5 dxc5 19. e5 Nh7 20. Ne4 Be6
21. Nd6 Red8 22. Qf2 Rd7 23. Qxc5 Qh4 24. Re4 Bf5 25. Red4 Bxd6 26. exd6
Re8 27. Ng4 Bxg4 28. Bxg4 f5 29. Bf3 Nf6 30. Qa3 Re1+ 31. Rxe1 Qxe1+ 32.
Kh2 g5 33. Rd1 Qe6 34. Qc5 gxf4 35. Qd4 Ne4 36. c5 Qg6 37. Rf1 Ng3 38. Re1
Ne4 39. Kh1 Qg3 40. Rf1 Ng5 41. Qe5 Rg7 42. d7 1-0

[Event "Ramadan Master Open"]
[Site "Abu Dhabi UAE"]
[Date "2010.08.14"]
[Round "3"]
[White "Raetsky,A"]
[Black "Guseinov,G"]
[Result "1/2-1/2"]
[WhiteElo "2442"]
[BlackElo "2611"]
[EventDate "2010.08.12"]

1. d4 Nf6 2. c4 g6 3. Nc3 Bg7 4. e4 d6 5. Be2 O-O 6. Bg5 Na6 7. Nf3 e5 8.
dxe5 dxe5 9. Qxd8 Rxd8 10. Nd5 Rd6 11. Bxf6 Bxf6 12. Nxf6+ Rxf6 13. Nxe5
Re6 14. f4 f6 15. Ng4 Rb6 16. O-O-O Nc5 17. Rhe1 Bxg4 18. Bxg4 Re8 19. e5
c6 20. Kc2 f5 21. Bf3 Ne6 22. g3 a5 23. Kc3 Ra6 24. Rd6 Raa8 25. h4 Re7 26.
b3 Kg7 27. Red1 Rf8 28. a3 h6 29. Rd7 Rff7 30. Rxe7 Rxe7 31. b4 axb4+ 32.
axb4 g5 33. fxg5 hxg5 34. hxg5 1/2-1/2

[Event "Ramadan Master Open"]
[Site "Abu Dhabi UAE"]
[Date "2010.08.14"]
[Round "3"]
[White "Omearat,A"]
[Black "Malakhatko,V"]
[Result "0-1"]
[WhiteElo "2218"]
[BlackElo "2576"]
[EventDate "2010.08.12"]

1. e4 c5 2. Nf3 b6 3. Bc4 e6 4. O-O Bb7 5. Re1 a6 6. a4 Nf6 7. e5 Nd5 8.
Nc3 Ne7 9. d4 cxd4 10. Nxd4 Ng6 11. Qh5 Qc7 12. Bd3 Nc6 13. Nxc6 Bxc6 14.
Qe2 Qb7 15. Qg4 Be7 16. Bg5 f5 17. exf6 gxf6 18. Bxg6+ hxg6 19. Be3 Kf7 20.
f3 f5 21. Qd4 Rh4 22. Qxb6 Qxb6 23. Bxb6 Rb4 24. a5 Rxb2 25. Ra2 Rxa2 26.
Nxa2 Rc8 27. c4 Ba4 28. Nc3 Bb3 29. Nb1 Bxc4 30. Rc1 Rc6 31. Nd2 Bd5 32.
Rb1 Rc2 33. Nb3 e5 34. Bf2 Bxb3 0-1

[Event "Ramadan Master Open"]
[Site "Abu Dhabi UAE"]
[Date "2010.08.14"]
[Round "3"]
[White "Ibrahim,I UAE"]
[Black "Arun Prasad,S"]
[Result "1/2-1/2"]
[WhiteElo "2157"]
[BlackElo "2535"]
[EventDate "2010.08.12"]

1. e4 c6 2. c4 d5 3. exd5 cxd5 4. cxd5 Nf6 5. Nc3 g6 6. Qb3 Bg7 7. Be2 O-O
8. Bf3 Na6 9. d4 Qb6 10. Qxb6 axb6 11. Nge2 Nb4 12. O-O Rd8 13. d6 Rxd6 14.
Bf4 Rd7 15. Be5 Nbd5 16. Rfc1 Rd8 17. Nxd5 Nxd5 18. Bxg7 Kxg7 19. Bxd5 Rxd5
20. Rc7 Rb5 21. b3 Rba5 22. Nc3 Be6 23. Re1 Kf8 24. Rxb7 Rc8 25. d5 Bxd5
26. Nxd5 Rxd5 27. Rxb6 Rd2 28. a4 Rcc2 29. Rf1 Ra2 30. g4 Rdb2 31. Rb5 Ra3
32. a5 Rbxb3 33. Rxb3 Rxb3 34. Ra1 Ke8 35. Kg2 Kd7 36. f4 Kc8 37. a6 Kb8
38. Re1 e6 39. Rd1 Kc7 40. Ra1 Kb8 41. Rd1 Kc7 42. Ra1 1/2-1/2

[Event "Ramadan Master Open"]
[Site "Abu Dhabi UAE"]
[Date "2010.08.14"]
[Round "3"]
[White "Ankit,R"]
[Black "Sharbaf,M"]
[Result "1/2-1/2"]
[WhiteElo "2362"]
[BlackElo "2370"]
[EventDate "2010.08.12"]

1. e4 c5 2. Nc3 Nc6 3. Bb5 e6 4. Bxc6 bxc6 5. d3 Ne7 6. f4 Ng6 7. Nf3 Qc7
8. O-O Bd6 9. e5 Be7 10. Qe2 O-O 11. Bd2 f6 12. b3 d5 13. Rae1 fxe5 14.
Nxe5 Nxe5 15. fxe5 Ba6 16. Na4 c4 17. bxc4 dxc4 18. dxc4 Rad8 19. Bc3 c5
20. Nb2 Bb7 21. Nd3 Qc6 22. Rf4 Rxf4 23. Nxf4 Bg5 24. Nd3 Rf8 25. Bd2 Be7
26. Be3 Ba6 27. Qg4 Rf5 28. Rf1 h5 29. Qg6 Rxf1+ 30. Kxf1 Bxc4 31. Qxh5 Qe4
32. Qe2 Qd5 33. a3 Bb5 34. Kf2 c4 35. Nb4 Qd7 36. a4 Bxb4 37. axb5 Qxb5 38.
Bxa7 Bc3 39. Qg4 Qd5 40. Be3 Bxe5 41. g3 Bf6 42. Qf3 Qe5 43. Qf4 Qd5 44.
Qf3 Kf7 45. Qxd5 exd5 46. Kf3 Ke6 47. Bf2 Ke5 48. g4 d4 49. h4 c3 50. Ke2
Ke4 51. Bg3 Be7 52. h5 Bg5 53. Bc7 Bh6 54. Bb8 Be3 55. Bc7 Bg5 56. Bb8 Bd8
57. Bh2 Bg5 58. Bb8 1/2-1/2

[Event "Ramadan Master Open"]
[Site "Abu Dhabi UAE"]
[Date "2010.08.14"]
[Round "3"]
[White "Antonio,V"]
[Black "Sarwat,W"]
[Result "1-0"]
[WhiteElo "2208"]
[BlackElo "2379"]
[EventDate "2010.08.12"]

1. e4 e5 2. Nf3 Nc6 3. Bc4 Nf6 4. d3 Bc5 5. O-O d6 6. c3 O-O 7. Bb3 Bg4 8.
h3 Bh5 9. Nbd2 h6 10. g4 Bg6 11. Nh4 Bh7 12. Nf5 d5 13. Qf3 Bxf5 14. gxf5
d4 15. Rd1 Nh7 16. Nf1 Qh4 17. Kg2 Rad8 18. Qg3 Be7 19. Bd5 Qh5 20. Nh2 Nf6
21. Ng4 Kh8 22. Qf3 dxc3 23. bxc3 Nxd5 24. exd5 Na5 25. c4 b5 26. Bd2 Nb7
27. Nxe5 Qxf3+ 28. Kxf3 Bf6 29. Bf4 Nd6 30. Nc6 bxc4 31. Nxd8 Rxd8 32. Rac1
c3 33. Bxd6 Rxd6 34. Ke4 c6 35. dxc6 Rxc6 36. d4 Rc4 37. Rc2 Rc8 38. Rd3
Re8+ 39. Kf3 Rd8 40. Rcxc3 Rxd4 41. Rxd4 Bxd4 42. Rc8+ Kh7 43. Rf8 f6 44.
a4 h5 45. a5 Kh6 46. h4 Kh7 47. Ke2 Bc3 48. a6 Bd4 49. f3 Bg1 50. Kd3 Bf2
51. Ra8 g5 52. fxg6+ Kxg6 53. Ke4 Bb6 54. Rg8+ Kf7 55. Rb8 Bf2 56. Kf5 Ke7
57. Rh8 Bxh4 58. Rh7+ Kd6 59. Rxa7 Bf2 60. Rh7 Kd5 1-0

[Event "Ramadan Master Open"]
[Site "Abu Dhabi UAE"]
[Date "2010.08.14"]
[Round "3"]
[White "Koohestani,S"]
[Black "El Arousy,A"]
[Result "1-0"]
[WhiteElo "2345"]
[BlackElo "2251"]
[EventDate "2010.08.12"]

1. d4 c5 2. d5 e5 3. e4 d6 4. Nc3 Be7 5. Be2 Bg5 6. Nf3 Bxc1 7. Qxc1 Bg4 8.
Nd2 Bxe2 9. Kxe2 Nf6 10. Nc4 O-O 11. a4 Na6 12. f4 exf4 13. Qxf4 Nh5 14.
Qf3 Nf6 15. Rae1 Re8 16. Kd1 Nd7 17. Rhf1 f6 18. Qg3 Ne5 19. Ne3 Qd7 20.
Rxf6 Kh8 21. Rf5 Nc7 22. Ng4 Ng6 23. Qh3 Rxe4 24. Ref1 Rd4+ 25. Kc1 Nxd5
26. Nxd5 Qxa4 27. Nc3 Qa1+ 28. Nb1 Rb4 29. b3 c4 30. Rh5 c3 31. Rxh7+ Kg8
32. Rxg7+ Kxg7 33. Qh6+ Kg8 34. Qxg6+ Kh8 35. Qh6+ Kg8 36. Nf6+ Kf7 37.
Nd5+ 1-0

[Event "Ramadan Master Open"]
[Site "Abu Dhabi UAE"]
[Date "2010.08.15"]
[Round "4"]
[White "Korobov,A"]
[Black "Anastasian,A"]
[Result "1/2-1/2"]
[WhiteElo "2657"]
[BlackElo "2578"]
[EventDate "2010.08.12"]

1. d4 Nf6 2. c4 e6 3. Nc3 Bb4 4. e3 Bxc3+ 5. bxc3 c5 6. Bd3 d6 7. Ne2 Nc6
8. e4 e5 9. dxc5 dxc5 10. Ng3 O-O 11. O-O Be6 12. Qe2 Qa5 1/2-1/2

[Event "Ramadan Master Open"]
[Site "Abu Dhabi UAE"]
[Date "2010.08.15"]
[Round "4"]
[White "Grigoryan,Av"]
[Black "Amin,B"]
[Result "1-0"]
[WhiteElo "2584"]
[BlackElo "2568"]
[EventDate "2010.08.12"]

1. d4 Nf6 2. c4 e6 3. Nf3 Bb4+ 4. Nbd2 b6 5. a3 Bxd2+ 6. Qxd2 Bb7 7. e3 d6
8. Be2 O-O 9. O-O Nbd7 10. b4 Ne4 11. Qc2 f5 12. d5 e5 13. Ne1 c6 14. f3
Ng5 15. h4 Nf7 16. dxc6 Bxc6 17. b5 Bb7 18. Qxf5 Nc5 19. Qh3 e4 20. Bb2 Nh6
21. Rd1 Nf5 22. fxe4 Bxe4 23. Bg4 g6 24. h5 Qg5 25. Rf4 gxh5 26. Rd5 Bxd5
27. Bxf5 Bf7 28. Rg4 Qxg4 29. Bxg4 hxg4 30. Qh6 Ne6 31. Qf6 1-0

[Event "Ramadan Master Open"]
[Site "Abu Dhabi UAE"]
[Date "2010.08.15"]
[Round "4"]
[White "Malakhatko,V"]
[Black "Narayanan,Sr"]
[Result "1/2-1/2"]
[WhiteElo "2576"]
[BlackElo "2409"]
[EventDate "2010.08.12"]

1. c4 c5 2. Nf3 Nc6 3. Nc3 e5 4. g3 g6 5. Bg2 Bg7 6. d3 Nge7 7. Nd2 d6 8.
Nf1 O-O 9. Ne3 Rb8 10. Rb1 Bd7 11. a3 a5 12. Bd2 Nd4 13. b4 axb4 14. axb4
cxb4 15. Rxb4 b5 16. O-O bxc4 17. Rxb8 Qxb8 18. Nxc4 Be6 19. Bg5 f6 20. Bc1
Rc8 21. e3 Ndc6 22. Ba3 d5 23. Nd6 Rd8 24. Ncb5 Nc8 25. Nxc8 Qxb5 26. Ne7+
1/2-1/2

[Event "Ramadan Master Open"]
[Site "Abu Dhabi UAE"]
[Date "2010.08.15"]
[Round "4"]
[White "Guliev,Sarh"]
[Black "Sturua,Z"]
[Result "1/2-1/2"]
[WhiteElo "2485"]
[BlackElo "2512"]
[EventDate "2010.08.12"]

1. d4 Nf6 2. c4 e6 3. Nc3 Bb4 4. e3 c5 5. Nge2 cxd4 6. exd4 O-O 7. a3 Be7
8. Nf4 d5 9. cxd5 Nxd5 10. Ncxd5 exd5 11. Bd3 Nc6 1/2-1/2

[Event "Ramadan Master Open"]
[Site "Abu Dhabi UAE"]
[Date "2010.08.15"]
[Round "4"]
[White "Guseinov,G"]
[Black "Antonio,V"]
[Result "0-1"]
[WhiteElo "2611"]
[BlackElo "2208"]
[EventDate "2010.08.12"]

1. e4 c5 2. Nc3 d6 3. d4 cxd4 4. Qxd4 Nc6 5. Bb5 Bd7 6. Bxc6 Bxc6 7. Bg5
Nf6 8. O-O-O e6 9. f4 Be7 10. Nf3 h6 11. Bh4 O-O 12. Qd3 Rc8 13. Nd4 Qa5
14. f5 Rfe8 15. Rhe1 a6 16. Kb1 Bd7 17. Nb3 Qc7 18. e5 Nd5 19. Bxe7 Rxe7
20. f6 Ree8 21. Qg3 g6 22. Rd3 dxe5 23. Qh4 Kh7 24. Nd2 Rh8 25. Nf3 Bb5 26.
Rd2 Nxc3+ 27. bxc3 Qxc3 28. Re4 Kg8 29. Qe1 Rc4 30. Re3 Rb4+ 0-1

[Event "Ramadan Master Open"]
[Site "Abu Dhabi UAE"]
[Date "2010.08.15"]
[Round "4"]
[White "Khouri,I"]
[Black "Raetsky,A"]
[Result "0-1"]
[WhiteElo "2208"]
[BlackElo "2442"]
[EventDate "2010.08.12"]

1. d4 d5 2. c4 dxc4 3. Qa4+ Nc6 4. Nf3 Nf6 5. Nc3 Nd5 6. Qxc4 Nb6 7. Qb3 e5
8. d5 Nd4 9. Nxd4 exd4 10. Nb5 a6 11. Nxd4 Qxd5 12. Qxd5 Nxd5 13. e4 Nf6
14. f3 Bd6 15. Bd2 O-O 16. O-O-O Re8 17. Kb1 g6 18. Bc3 Be5 19. Bc4 Bd7 20.
g3 Rad8 21. Rhe1 Bc8 22. a4 Rd6 23. Ne2 Bxc3 24. Nxc3 Rxd1+ 25. Rxd1 Kf8
26. Kc2 h5 27. b4 Bd7 28. b5 a5 29. Rd2 Be6 30. Kb3 Ke7 31. Bxe6 fxe6 32.
Ne2 e5 33. Rc2 Kd6 34. Rd2+ Ke6 35. Nc3 Re7 36. Kc4 g5 37. Rd8 Re8 38. Rd2
Re7 39. Rd8 Re8 40. Rd2 Rf8 41. Rd3 Nd7 42. Nd5 c6 43. bxc6 bxc6 44. Nc7+
Ke7 45. Na6 g4 46. fxg4 hxg4 47. Rd2 Rf1 48. Rb2 Rd1 49. Rb7 Kd6 50. Kc3
Rd4 51. Ra7 Nb6 52. Rg7 Nxa4+ 53. Kc2 Rxe4 54. Rg6+ Kd5 55. Nc7+ Kd4 56.
Rxc6 Nc5 57. Nb5+ Kd5 58. Rh6 Rc4+ 59. Kd2 Ne4+ 60. Kd3 Rc5 61. Rb6 a4 62.
Rb8 Nf2+ 63. Ke2 Rc2+ 64. Ke3 Nd1+ 65. Kd3 Rxh2 66. Nc7+ Kc6 67. Na6 Rb2
68. Rg8 a3 69. Rg6+ Kd7 70. Nc5+ Ke7 71. Ra6 a2 72. Ke4 Rb1 73. Ra7+ Kd6
74. Kd3 0-1

[Event "Ramadan Master Open"]
[Site "Abu Dhabi UAE"]
[Date "2010.08.15"]
[Round "4"]
[White "Sharbaf,M"]
[Black "Ibrahim,I UAE"]
[Result "1-0"]
[WhiteElo "2370"]
[BlackElo "2157"]
[EventDate "2010.08.12"]

1. d4 d5 2. Nf3 Nf6 3. Bf4 c6 4. Nc3 g6 5. Qd2 Bg7 6. Ne5 Ne4 7. Nxe4 dxe4
8. Qe3 O-O 9. h4 c5 10. dxc5 Qd5 11. Rd1 Qe6 12. Qg3 Nc6 13. Nxc6 bxc6 14.
b3 Qf5 15. Qg5 e3 16. Rd3 exf2+ 17. Kxf2 e5 18. Qxf5 Bxf5 19. Bg5 Bxd3 20.
cxd3 Rfe8 21. e4 a5 22. Be2 f6 23. Be3 f5 24. h5 f4 25. Bc1 Reb8 26. hxg6
hxg6 27. d4 Bf8 28. Bc4+ Kg7 29. Kf3 g5 30. Bb2 Be7 31. d5 Bf6 32. dxc6 Rd8
33. Bd5 Rxd5 34. exd5 e4+ 35. Kxe4 Bxb2 36. d6 Re8+ 37. Kd3 Re3+ 38. Kc4
Rc3+ 39. Kd5 Ba3 40. d7 Rxc5+ 41. Ke4 1-0

[Event "Ramadan Master Open"]
[Site "Abu Dhabi UAE"]
[Date "2010.08.15"]
[Round "4"]
[White "Arun Prasad,S"]
[Black "Tissir,M"]
[Result "1/2-1/2"]
[WhiteElo "2535"]
[BlackElo "2466"]
[EventDate "2010.08.12"]

1. d4 Nf6 2. c4 g6 3. Nc3 Bg7 4. e4 d6 5. Nf3 O-O 6. Be2 e5 7. O-O Nbd7 8.
Re1 c6 9. Bf1 exd4 10. Nxd4 a5 11. Be3 Re8 12. f3 Nc5 13. Qd2 Nh5 14. Rad1
Qe7 15. Nb3 a4 16. Nxc5 dxc5 17. g4 Nf6 18. Bh6 Bh8 19. e5 1/2-1/2

[Event "Ramadan Master Open"]
[Site "Abu Dhabi UAE"]
[Date "2010.08.15"]
[Round "4"]
[White "Koohestani,S"]
[Black "Ankit,R"]
[Result "1/2-1/2"]
[WhiteElo "2345"]
[BlackElo "2362"]
[EventDate "2010.08.12"]

1. d4 d5 2. Nf3 Nf6 3. c4 c6 4. e3 Bf5 5. Qb3 Qb6 6. c5 Qc7 7. Nc3 Nbd7 8.
Nh4 Bg6 9. f4 e6 10. Bd2 Be7 11. Nxg6 hxg6 12. Bd3 Nh5 1/2-1/2

[Event "Ramadan Master Open"]
[Site "Abu Dhabi UAE"]
[Date "2010.08.15"]
[Round "4"]
[White "Faisal,Ab"]
[Black "Omearat,A"]
[Result "1/2-1/2"]
[WhiteElo "2282"]
[BlackElo "2218"]
[EventDate "2010.08.12"]

1. e4 d5 2. exd5 Nf6 3. d4 Nxd5 4. c4 Nb6 5. Nf3 Bg4 6. c5 N6d7 7. Bc4 e6
8. Nc3 Nc6 9. Be3 Be7 10. O-O O-O 11. a3 a5 12. h3 Bh5 13. Qe2 Nf6 14. Rad1
Nd5 15. g4 Nxc3 16. bxc3 Bg6 17. Bf4 Qc8 18. Bb5 Nb8 19. Ne5 c6 1/2-1/2

[Event "Ramadan Master Open"]
[Site "Abu Dhabi UAE"]
[Date "2010.08.15"]
[Round "4"]
[White "Sarwat,W"]
[Black "Khademalsharieh,S"]
[Result "1/2-1/2"]
[WhiteElo "2379"]
[BlackElo "2097"]
[EventDate "2010.08.12"]

1. Nf3 Nf6 2. b3 g6 3. Bb2 Bg7 4. g3 d5 5. Bg2 c6 6. O-O O-O 7. d3 Nbd7 8.
c4 Re8 9. cxd5 cxd5 10. Nc3 e5 11. Rc1 a6 12. Na4 b6 13. Qc2 Bh6 14. e3 Bf8
15. Qc7 b5 16. Qxd8 Rxd8 17. Nc3 Bb7 18. Ne2 Bd6 19. d4 e4 20. Ne5 Rac8 21.
Bh3 Rxc1 22. Rxc1 Kf8 23. Nf4 Ke8 24. Kf1 g5 25. Nxd7 Nxd7 26. Nh5 Nb6 27.
Ng7+ Kf8 28. Nf5 b4 29. Nxd6 Rxd6 30. Rc7 Bc6 31. a3 Bb5+ 32. Kg1 Rc6 33.
Rxc6 Bxc6 34. axb4 Bb5 35. f3 exf3 36. Bg4 Nd7 37. Bxf3 Nf6 38. Bc3 g4 39.
Bg2 Ke7 40. h3 h5 41. hxg4 hxg4 42. Kf2 Ne4+ 43. Bxe4 dxe4 1/2-1/2

[Event "Ramadan Master Open"]
[Site "Abu Dhabi UAE"]
[Date "2010.08.16"]
[Round "5"]
[White "Anastasian,A"]
[Black "Grigoryan,Av"]
[Result "1/2-1/2"]
[WhiteElo "2578"]
[BlackElo "2584"]
[EventDate "2010.08.12"]

1. d4 Nf6 2. c4 e6 3. Nc3 Bb4 4. Qc2 O-O 5. a3 Bxc3+ 6. Qxc3 d5 7. Bg5 dxc4
8. Qxc4 b6 9. Rd1 Ba6 10. Qc2 h6 11. Bh4 Nbd7 12. e4 Bxf1 13. Kxf1 Qc8 14.
Qc6 Qa6+ 15. Ne2 Rac8 16. f3 Nb8 17. Qc3 Nbd7 18. Qc6 Nb8 19. Ke1 1/2-1/2

[Event "Ramadan Master Open"]
[Site "Abu Dhabi UAE"]
[Date "2010.08.16"]
[Round "5"]
[White "Raetsky,A"]
[Black "Korobov,A"]
[Result "0-1"]
[WhiteElo "2442"]
[BlackElo "2657"]
[EventDate "2010.08.12"]

1. d4 f5 2. e4 fxe4 3. Nc3 Nf6 4. Bg5 c6 5. f3 e3 6. Bxe3 d5 7. Qd2 Nbd7 8.
O-O-O b5 9. g4 Nb6 10. h4 e6 11. h5 b4 12. Nb1 Nc4 13. Qe1 Qa5 14. g5 Nd7
15. a3 Ndb6 16. b3 Nxe3 17. axb4 Qxb4 18. Qxe3 a5 19. Qc3 Bd6 20. Nh3 O-O
21. Be2 e5 22. dxe5 Qxc3 23. Nxc3 Bxe5 24. Nb1 a4 25. bxa4 Nxa4 26. Rdg1
Rb8 27. f4 Rxf4 28. c3 Bf5 0-1

[Event "Ramadan Master Open"]
[Site "Abu Dhabi UAE"]
[Date "2010.08.16"]
[Round "5"]
[White "Antonio,V"]
[Black "Malakhatko,V"]
[Result "1-0"]
[WhiteElo "2208"]
[BlackElo "2576"]
[EventDate "2010.08.12"]

1. e4 e6 2. d4 d5 3. exd5 exd5 4. Nf3 Bd6 5. Bd3 Bg4 6. O-O Ne7 7. Bg5 f6
8. Bh4 Nbc6 9. c3 Qd7 10. h3 Be6 11. Bg3 O-O-O 12. Bxd6 Qxd6 13. Re1 g5 14.
Nbd2 g4 15. Qe2 Bd7 16. hxg4 Bxg4 17. Qe3 Ng6 18. Nf1 Rdg8 19. Ng3 Nce7 20.
Nh4 Kd8 21. Nhf5 Bxf5 22. Bxf5 Nf4 23. Qf3 h5 24. c4 c6 25. c5 Qc7 26. Be6
Rg5 27. Kf1 Rh6 28. Bh3 Nxh3 29. gxh3 Qd7 30. Ne2 Rhg6 31. Nf4 Rg1+ 32. Ke2
Rxe1+ 33. Rxe1 Rg5 34. Kf1 Rf5 35. Qg3 Kc8 36. Ne6 b6 37. Qg7 Rf3 38. Qf8+
Kb7 39. Nd8+ Ka6 40. Qxe7 Qxh3+ 41. Ke2 Kb5 42. Qe6 Rf5 43. Qxc6+ Kb4 44.
a3+ Kb3 45. Qb5+ Ka2 46. b4 Qg4+ 47. Kd2 Qxd4+ 48. Qd3 Qb2+ 49. Kd1 Qa1+
50. Kd2 Qb2+ 51. Kd1 Rxf2 52. Qe2 bxc5 53. bxc5 Kxa3 54. Qxb2+ Rxb2 55. c6
Rb8 56. c7 Rc8 57. Re7 h4 58. Nc6 h3 59. Nxa7 h2 60. Rh7 1-0

[Event "Ramadan Master Open"]
[Site "Abu Dhabi UAE"]
[Date "2010.08.16"]
[Round "5"]
[White "Amin,B"]
[Black "Gabuzyan,H"]
[Result "1/2-1/2"]
[WhiteElo "2568"]
[BlackElo "2261"]
[EventDate "2010.08.12"]

1. e4 c5 2. Nf3 d6 3. c3 Nf6 4. Be2 Bd7 5. d3 g6 6. O-O Bg7 7. Nbd2 O-O 8.
d4 cxd4 9. cxd4 Nc6 10. h3 Rc8 11. a3 e5 12. d5 Nd4 13. Nxd4 exd4 14. Bd3
Nh5 15. Nf3 Qb6 16. a4 a5 17. Rb1 Qb4 18. Bd2 Qxa4 19. Qxa4 Bxa4 20. b3 Bd7
21. g4 Nf6 22. Bxa5 h5 23. g5 Nh7 24. Kg2 f6 25. gxf6 Rxf6 26. Ng1 Rcf8 27.
Bd2 g5 28. Rbc1 Bh6 29. Rc4 g4 30. Bxh6 gxh3+ 31. Kh1 Rxh6 32. f4 Rg6 33.
Rc7 Rg7 34. Rxb7 Nf6 35. f5 Kh8 36. Nxh3 Rc8 37. Nf4 Rc3 38. Rb6 Rxd3 39.
Nxd3 Nxe4 40. Kh2 Rg3 41. Rb8+ Kg7 42. Nf4 Rg4 43. Rb7 Rh4+ 44. Nh3 Nc5 45.
Rb6 Kf6 46. Rxd6+ Ke5 47. Rg6 Ne4 48. Rg8 d3 49. Kg2 d2 50. Ng1 Rg4+
1/2-1/2

[Event "Ramadan Master Open"]
[Site "Abu Dhabi UAE"]
[Date "2010.08.16"]
[Round "5"]
[White "Sturua,Z"]
[Black "Sharbaf,M"]
[Result "1/2-1/2"]
[WhiteElo "2512"]
[BlackElo "2370"]
[EventDate "2010.08.12"]

1. d4 Nf6 2. c4 e6 3. Nf3 b6 4. a3 Bb7 5. Nc3 d5 6. cxd5 exd5 7. g3 a6 8.
Bg2 Bd6 9. O-O Nbd7 10. Nh4 g6 11. Bh6 Bf8 12. Bxf8 Kxf8 13. f3 Qe7 14. e4
c5 15. exd5 Qe3+ 16. Kh1 Qxd4 17. Qc2 Qe5 18. Rae1 Qd6 19. Qd2 Kg8 20. Qh6
Qf8 21. Qf4 h6 22. Qd2 Qd6 23. a4 Kg7 24. f4 Rhe8 25. Bf3 Rxe1 26. Rxe1 Re8
27. Rd1 Nf8 28. Kg1 Rd8 29. Qe2 Re8 30. Qf1 Bc8 31. Ng2 Re7 32. Re1 Rxe1
33. Nxe1 Qe7 34. Ng2 Ne8 35. Qe2 Qxe2 36. Bxe2 Nd6 37. Ne3 Kf6 38. Kf2 Ke7
39. Bd3 Nd7 40. g4 g5 41. Kg3 f6 42. h4 gxf4+ 43. Kxf4 Ne5 44. Bf5 Bd7 45.
Bxd7 Nd3+ 46. Kf3 Kxd7 47. b3 b5 48. axb5 axb5 49. Ne2 b4 50. Nf1 Ne5+ 51.
Kf4 Ng6+ 52. Kg3 c4 53. bxc4 Nxc4 54. Nc1 Kd6 55. h5 Nge5 56. Kf4 Nb6 57.
Kf5 Nxd5 58. Nb3 Ke7 59. Ke4 Nc3+ 60. Kf4 Ke6 61. Ng3 Nd5+ 62. Ke4 Nxg4 63.
Nd4+ Kd6 64. Ngf5+ Kc5 65. Ne6+ Kc6 66. Ned4+ Kc5 67. Ne6+ 1/2-1/2

[Event "Ramadan Master Open"]
[Site "Abu Dhabi UAE"]
[Date "2010.08.16"]
[Round "5"]
[White "Narayanan,Sr"]
[Black "Guliev,Sarh"]
[Result "0-1"]
[WhiteElo "2409"]
[BlackElo "2485"]
[EventDate "2010.08.12"]

1. e4 e5 2. Nf3 Nc6 3. Bb5 a6 4. Ba4 Nf6 5. O-O Be7 6. Re1 d6 7. Bxc6+ bxc6
8. d4 Nd7 9. c4 O-O 10. Nc3 Bf6 11. Be3 Re8 12. b3 Nf8 13. dxe5 dxe5 14.
Qxd8 Rxd8 15. h3 Ne6 16. Rad1 Re8 17. Na4 h5 18. Bc1 g6 19. Bb2 Nf8 20. Rd2
Bg7 21. Red1 f6 22. Rd8 Kf7 23. Nc5 Ne6 24. Nxe6 Bxe6 25. Rxe8 Kxe8 26. Bc3
a5 27. a4 Bf8 28. Rd3 Bc5 29. Kf1 g5 30. Ne1 Kf7 31. Ke2 g4 32. h4 Ke7 33.
Nc2 f5 34. Bxe5 fxe4 35. Rc3 Rb8 36. Bd4 Bd6 37. Ke1 Kf7 38. Re3 c5 39. Ba1
Bf5 40. g3 Ke6 41. Bg7 c6 42. Bc3 Rxb3 43. Bxa5 Rb2 44. Kd2 Ra2 45. Ra3 e3+
46. Rxe3+ Be5 47. Rd3 Rxa4 48. Bc3 Rxc4 49. Bxe5 Rxc2+ 50. Kxc2 Kxe5 51.
Kc3 Bxd3 52. Kxd3 c4+ 0-1

[Event "Ramadan Master Open"]
[Site "Abu Dhabi UAE"]
[Date "2010.08.16"]
[Round "5"]
[White "AlHuwar,J"]
[Black "Arun Prasad,S"]
[Result "0-1"]
[WhiteElo "2311"]
[BlackElo "2535"]
[EventDate "2010.08.12"]

1. Nf3 c5 2. g3 b6 3. Bg2 Bb7 4. c4 Nf6 5. O-O e6 6. b3 Be7 7. Bb2 d6 8.
Nc3 a6 9. e3 O-O 10. d4 Ne4 11. Qc2 Nxc3 12. Bxc3 f5 13. Rfd1 Ra7 14. Ne1
Nd7 15. e4 cxd4 16. Bxd4 e5 17. Bb2 f4 18. Qe2 Qe8 19. gxf4 Rxf4 20. Nd3
Rh4 21. f3 Qh5 22. h3 Rxe4 23. Qf1 Rh4 24. Bc3 Qg6 25. Kh2 Nc5 26. Nxc5
bxc5 27. Qd3 Qf7 28. Be1 Rf4 29. Bg3 Rf5 30. b4 cxb4 31. c5 dxc5 32. Qd7
Bf8 33. Qxf7+ Rxf7 34. Rd8 Bxf3 35. Bf1 Rad7 36. Rxd7 Rxd7 37. Bc4+ Kh8 38.
Bxe5 Bd6 39. Bxd6 Rxd6 40. Rf1 Rf6 0-1

[Event "Ramadan Master Open"]
[Site "Abu Dhabi UAE"]
[Date "2010.08.16"]
[Round "5"]
[White "Omearat,A"]
[Black "Guseinov,G"]
[Result "0-1"]
[WhiteElo "2218"]
[BlackElo "2611"]
[EventDate "2010.08.12"]

1. d4 d6 2. c4 g6 3. e4 Bg7 4. Be2 Nc6 5. d5 Nd4 6. Nf3 Nxe2 7. Qxe2 Nf6 8.
O-O Bg4 9. h3 Bxf3 10. Qxf3 O-O 11. Nc3 Nd7 12. Qd3 c6 13. Bg5 Re8 14. dxc6
bxc6 15. b4 Qb6 16. Rab1 Ne5 17. Qg3 Nxc4 18. Nd1 a5 19. a3 axb4 20. axb4
Qd4 21. Qh4 Ra2 22. Rb3 Ra1 23. Qg4 Ne5 24. Qe2 Rea8 25. b5 cxb5 26. Rxb5
h6 27. Rd5 Qa7 28. Be3 Qc7 29. Bd4 R1a2 30. Qe1 e6 31. Rb5 Nf3+ 32. gxf3
Bxd4 33. Ne3 Qe7 34. Ng2 R8a3 35. Qb4 Bc5 36. Qc4 Qa7 37. Kh1 Rxf3 38. Kh2
Raa3 39. Ne3 Bxe3 40. Qc8+ Kg7 41. Rb8 Bf4+ 42. Kg2 Rg3+ 43. fxg3 Rxg3+ 44.
Kh1 Rxh3+ 45. Kg2 Rh2+ 0-1

[Event "Ramadan Master Open"]
[Site "Abu Dhabi UAE"]
[Date "2010.08.16"]
[Round "5"]
[White "Tissir,M"]
[Black "Khouri,I"]
[Result "1/2-1/2"]
[WhiteElo "2466"]
[BlackElo "2208"]
[EventDate "2010.08.12"]

1. e4 e5 2. Nf3 Nf6 3. Nxe5 d6 4. Nf3 Nxe4 5. Nc3 Nxc3 6. dxc3 Be7 7. Bf4
Nc6 8. Qd2 Be6 9. a3 O-O 10. O-O-O Bf6 11. h4 Bg4 12. Bg5 h6 13. Be3 Re8
14. Kb1 Rb8 15. Bc4 a6 16. Rdg1 Qd7 17. Nh2 Ne5 18. Bb3 b5 19. Nxg4 Nxg4
20. Bf4 a5 21. f3 Ne5 22. Bxe5 Rxe5 23. g4 Qe7 24. f4 Re2 25. Qd1 b4 26.
axb4 g6 27. g5 hxg5 28. h5 axb4 29. hxg6 bxc3 30. gxf7+ Kf8 31. Qd5 cxb2
32. fxg5 Bg7 33. g6 Re5 34. Qg2 Qf6 35. Rf1 Rf5 36. Rxf5 Qxf5 37. Re1 Qa5
38. Re8+ Rxe8 39. fxe8=Q+ Kxe8 40. Qe4+ Kd8 41. Ba4 c6 42. Qe6 Be5 43. Qg8+
Kc7 44. Qf7+ Kb8 45. Qe8+ Ka7 46. Qd7+ Kb8 47. Qe8+ Ka7 48. Qd7+ Kb8 49.
Qe8+ Ka7 50. Qd7+ Kb8 51. Qe8+ Ka7 1/2-1/2

[Event "Ramadan Master Open"]
[Site "Abu Dhabi UAE"]
[Date "2010.08.16"]
[Round "5"]
[White "Ankit,R"]
[Black "El Arousy,A"]
[Result "0-1"]
[WhiteElo "2362"]
[BlackElo "2251"]
[EventDate "2010.08.12"]

1. e4 e6 2. d4 d5 3. Nd2 dxe4 4. Nxe4 Bd7 5. Nf3 Bc6 6. Bd3 Nd7 7. O-O Ngf6
8. Ned2 Be7 9. c3 O-O 10. Qe2 b6 11. Rd1 Bb7 12. Ne5 c5 13. Nxd7 Qxd7 14.
dxc5 Bxc5 15. Nf3 Qc7 16. h3 Qg3 17. Ne1 Qh4 18. Be3 Be7 19. Nf3 Qh5 20.
Nd4 Qd5 21. Qf1 Qe5 22. Ne2 Nd5 23. Bd4 Qc7 24. f3 Rad8 25. Be4 Rd7 26. Bf2
e5 27. Ng3 Bc5 28. Bxc5 Qxc5+ 29. Qf2 Qc7 30. Rd2 g6 31. Bc2 f5 32. Rad1
Rfd8 33. Ba4 Bc6 34. Bxc6 Qxc6 35. Qe1 Qc5+ 36. Kh1 Nf6 37. Rxd7 Rxd7 38.
Rxd7 Nxd7 39. Qd2 Nf6 40. Qe2 Kf7 41. Nf1 e4 42. Qd2 Qc4 43. Ne3 Qxa2 44.
f4 Qb1+ 45. Kh2 Qd3 46. Qxd3 exd3 47. Kg3 Ke6 48. Kf3 Nd5 49. Nd1 b5 50. g3
h5 51. Nf2 d2 52. Ke2 h4 53. gxh4 Nxf4+ 54. Kxd2 Ng2 55. h5 gxh5 56. Ke2
Nf4+ 57. Ke3 Ke5 58. Kf3 h4 59. Ke3 a5 60. Kf3 a4 61. Ke3 Nd5+ 62. Kf3 Nxc3
0-1

[Event "Ramadan Master Open"]
[Site "Abu Dhabi UAE"]
[Date "2010.08.16"]
[Round "5"]
[White "Khademalsharieh,S"]
[Black "Koohestani,S"]
[Result "1/2-1/2"]
[WhiteElo "2097"]
[BlackElo "2345"]
[EventDate "2010.08.12"]

1. d4 Nf6 2. Nf3 e6 3. c4 b6 4. g3 Bb7 5. Bg2 Be7 6. O-O O-O 7. Nc3 Ne4 8.
Bd2 Bf6 9. Qc2 Nxd2 10. Qxd2 d6 11. e4 c5 12. Rad1 Nc6 13. Nb5 cxd4 14.
Nfxd4 Nxd4 15. Nxd4 a6 16. Rfe1 Qc7 17. b3 Rfd8 18. Qe3 Qc5 19. Bf1 h6 20.
Nc2 Qa5 21. a3 Qc5 22. b4 Qc7 23. Nd4 Rac8 24. h4 Rb8 25. Rc1 1/2-1/2